Social control and homeless encampments: Shifting the role of shelters through judicial review (Record no. 530962)

000 -LEADER
fixed length control field 01125nam a22001457a 4500
008 - FIXED-LENGTH DATA ELEMENTS--GENERAL INFORMATION
fixed length control field 250722b ||||| |||| 00| 0 eng d
100 ## - MAIN ENTRY--PERSONAL NAME
Personal name Flynn, Alexandra
245 ## - TITLE STATEMENT
Title Social control and homeless encampments: Shifting the role of shelters through judicial review
260 ## - PUBLICATION, DISTRIBUTION, ETC. (IMPRINT)
Place of publication, distribution, etc Social & Legal Studies
300 ## - PHYSICAL DESCRIPTION
Extent 34(3), Jun, 2025: p.320-338
520 ## - SUMMARY, ETC.
Summary, etc In Canadian cities, unaffordable housing and the lack of community supports have led to an increase in the number of encampments in public spaces. Municipal governments argue that short-term shelter spaces are a reasonable response to the ongoing, amplified housing crisis. However, shelters are an example of the many ‘every day’ regulatory approaches used by public officials in related to unhoused people referenced by Johnsen et al., do not provide legal tenure, and are often unsafe for people and their possessions.- Reproduced

https://journals.sagepub.com/doi/full/10.1177/09646639241226477
650 ## - SUBJECT ADDED ENTRY--TOPICAL TERM
Topical term or geographic name as entry element Encampments, Judicial review, Social control, Shelters, homelessness.
9 (RLIN) 55507
773 ## - HOST ITEM ENTRY
Main entry heading Social & Legal Studies
942 ## - ADDED ENTRY ELEMENTS (KOHA)
Item type Articles
Holdings
Withdrawn status Lost status Source of classification or shelving scheme Damaged status Not for loan Permanent location Current location Date acquired Serial Enumeration / chronology Barcode Date last seen Koha item type
          Indian Institute of Public Administration Indian Institute of Public Administration 2025-07-22 34(3), Jun, 2025: p.320-338 AR136683 2025-07-22 Articles

Powered by Koha